Научные труды ИСПЭ РАН. 1989-1993 гг. (Запись № 1391752)

Подробности
000 -МАРКЕР
контрольное поле 01227nam2a2200265 4500
001 - ИДЕНТИФИКАТОР ЗАПИСИ
контрольное поле RU\NLR\bibl\847428
005 - ИДЕНТИФИКАТОР ВЕРСИИ
контрольное поле 20250614150911.0
035 ## - ДРУГИЕ СИСТЕМНЫЕ НОМЕРА
Идентификатор записи (NLR Aleph) 000836197
100 ## - ДАННЫЕ ОБЩЕЙ ОБРАБОТКИ
Данные общей обработки 20051003d1994 |||y0rusy50 ca
101 0# - ЯЗЫК РЕСУРСА
Язык текста, звукозаписи и т.д. русский
102 ## - СТРАНА ПУБЛИКАЦИИ ИЛИ ПРОИЗВОДСТВА
Страна публикации Российская Федерация
105 ## - ПОЛЕ КОДИРОВАННЫХ ДАННЫХ: ТЕКСТОВЫЕ МАТЕРИАЛЫ, МОНОГРАФИЧЕСКИЕ
Кодированные данные о монографическом текстовом документе y |||||||||
200 0# - ЗАГЛАВИЕ И СВЕДЕНИЯ ОБ ОТВЕТСТВЕННОСТИ
Основное заглавие 1989-1993 гг.
Первые сведения об ответственности [сост. Вивчар Т.А. и др.
Последующие сведения об ответственности науч. ред. А.Е. Когут, Н.Н. Прунова]
210 ## - ПУБЛИКАЦИЯ, РАСПРОСТРАНЕНИЕ И ДР.
Дата издания, распространения и т.д. 1994
Место издания, распространения и т.д. Б. м.
215 ## - ФИЗИЧЕСКАЯ ХАРАКТЕРИСТИКА
Специфическое обозначение материала и объем 65 с.
320 ## - ПРИМЕЧАНИЯ О НАЛИЧИИ В ДОКУМЕНТЕ БИБЛИОГРАФИИ / УКАЗАТЕЛЯ
Текст примечания Авт. указ.: с. 57-64
461 #0 - УРОВЕНЬ НАБОРА
Встроенное поле 001RU\NLR\bibl\898578
-- 2001#$aНаучные труды ИСПЭ РАН$v1989-1993 гг.
Системный номер (АБИС) связанной записи 1694740
Автор Институт социально-экономических проблем (Санкт-Петербург)
Место публикации Санкт-Петербург
Дата публикации 1994
Первые сведения об ответственности Рос. акад. наук, Ин-т социал.-экон. пробл.
Имя издателя, распространителя и т.д. Петербургэкономстат
Сведения, относящиеся к заглавию библиографический указатель
Заглавие Научные труды ИСПЭ РАН
Номер тома 1989-1993 гг.
702 #1 - ИМЯ ЛИЦА - ВТОРИЧНАЯ ОТВЕТСТВЕННОСТЬ
Начальный элемент ввода Вивчар
Часть имени, кроме начального элемента ввода Т. А.
Код отношения Составитель
702 #1 - ИМЯ ЛИЦА - ВТОРИЧНАЯ ОТВЕТСТВЕННОСТЬ
Начальный элемент ввода Когут
Часть имени, кроме начального элемента ввода А. Е.
Код отношения Редактор
801 #0 - ИСТОЧНИК ЗАПИСИ
Страна Российская Федерация
Организация NLR
Дата составления 20051003
Правила каталогизации rcr
801 #1 - ИСТОЧНИК ЗАПИСИ
Страна Российская Федерация
Организация NLR
Дата составления 20051003
942 ## - ДОПОЛНИТЕЛЬНЫЕ ЭЛЕМЕНТЫ ЗАПИСИ (АБИС)
Тип экземпляра АБИС Книга
980 ## - КОЛЛЕКЦИЯ
Название коллекции Национальная библиография
Экземпляры
Тип экземпляра Дата поступления Источник поступления Библиотека постоянного хранения Библиотека текущего хранения Место хранения Шифр хранения Штрих-код Статус экземпляра
Книга 03.10.2005 Подсобные фонды РНБ РНБ (Московский) РНБ (Московский) Центральная справочная библиотека С К-1/4727 1-3334389